|
|
|
|
| LEADER |
02469nem a2200529 i 4500 |
| 001 |
001949009 |
| 003 |
CZ BrMZK |
| 005 |
20251104145745.0 |
| 007 |
aj|canzn |
| 008 |
250929s1971 xr ag a 0 cze |
| 034 |
1 |
|
|a a
|b 200000
|d E0131836
|e E0143920
|f N0510417
|g N0502300
|
| 040 |
|
|
|a BOA001
|b cze
|e rda
|
| 043 |
|
|
|a e-xr---
|b e-xr-us
|2 czenas
|
| 072 |
|
7 |
|a 528
|x Geodezie. Kartografie
|2 Konspekt
|9 7
|
| 072 |
|
7 |
|a 912
|x Mapy. Atlasy. Glóby
|2 Konspekt
|9 7
|
| 080 |
|
|
|a 911.2:528.42
|2 MRF
|
| 080 |
|
|
|a 913(437.315)
|2 MRF
|
| 080 |
|
|
|a (437.315)
|2 MRF
|
| 080 |
|
|
|a (084.3)528.42
|2 MRF
|
| 110 |
2 |
|
|a Český úřad geodetický a kartografický
|7 ko2004231816
|4 ctg
|4 aut
|
| 245 |
1 |
0 |
|a Ústí n. Labem.
|p 02 /
|c zpracovala a vytiskla Kartografie, n. p., Praha ve spolupráci s územně příslušnými středisky geodézie
|
| 246 |
3 |
0 |
|a 02
|
| 250 |
|
|
|a 1. vydání
|
| 255 |
|
|
|a Měřítko 1:200 000
|c (E 13°18'36"--E 14°39'20"/N 51°04'17"--N 50°23'00")
|
| 264 |
|
1 |
|a Praha :
|b Český úřad geodetický a kartografický,
|c [1971]
|
| 300 |
|
|
|a 1 mapa :
|b barevná ;
|c 38 x 48 cm, na listu 50 x 58 cm
|
| 336 |
|
|
|a kartografický obraz
|b cri
|2 rdacontent
|
| 337 |
|
|
|a bez média
|b n
|2 rdamedia
|
| 338 |
|
|
|a list
|b nb
|2 rdacarrier
|
| 490 |
1 |
|
|a Základní mapa ČSSR 1:200 000 ;
|v 02, 1971
|
| 500 |
|
|
|a Pětibarevný otisk
|
| 500 |
|
|
|a Další údaje o vydání: vydal Český úřad geodetický a kartografický v Kartografii, n. p., Praha, tisk v září 1971, stav ke dni 31. 12. 1970
|
| 521 |
8 |
|
|a Pro vnitřní potřebu státních orgánů a socialistických organizací
|
| 500 |
|
|
|a Dostupné též v digitální podobě v aplikaci Kramerius
|
| 650 |
0 |
7 |
|a topografie
|7 ph126691
|z Česko
|2 czenas
|
| 650 |
0 |
9 |
|a topography
|z Czechia
|2 eczenas
|
| 651 |
|
7 |
|a Ústí nad Labem (Česko : oblast)
|7 ge131766
|2 czenas
|
| 651 |
|
9 |
|a Ústí nad Labem Region (Czechia)
|2 eczenas
|
| 655 |
|
7 |
|a topografické mapy
|7 fd809173
|2 czenas
|
| 655 |
|
9 |
|a topographic maps
|2 eczenas
|
| 710 |
2 |
|
|a Český úřad geodetický a kartografický
|7 ko2004231816
|4 cph
|4 pbl
|
| 830 |
|
0 |
|a Základní mapa ČSSR 1:200 000 ;
|v 02, 1971
|
| 856 |
4 |
1 |
|u http://www.digitalniknihovna.cz/mzk/uuid/uuid:82ec3301-eb94-11f0-86fd-6eb2695113cf
|y Digitalizovaný dokument
|x NDK
|
| 910 |
|
|
|a BOA001
|b Mpa-1550.140,02-71
|
| 990 |
|
|
|a MP
|
| 991 |
|
|
|b 202509
|
| 996 |
6 |
|
|b 2611017126
|c Mpa-1550.140,02-71
|l MZK
|r Sklad / do 24 hodin
|n 0
|p dar Geografický ústav AV ČR
|w 002023668
|u 000010
|a 1
|e BOA001
|j MZK50
|s P
|